Sítě a zapojování do sítí
Siete ako významná súčasť v procese globalizácie. Pohľad na strategické aliancie a join ventures,ako na najčastejšie využívané sieľové štruktúry globálnej ekonomiky. Klasifikácia sieťových štrukúr v ekonomickej literatúre.
Saved in:
| Main Author: | |
|---|---|
| Format: | Book Chapter |
| Language: | Czech |
| Subjects: | |
| Tags: |
No Tags, Be the first to tag this record!
|
MARC
| LEADER | 00000naa$a2200000$$$4500 | ||
|---|---|---|---|
| 001 | 0109178 | ||
| 005 | 20220720111650.6 | ||
| 041 | 0 | |a cze | |
| 044 | |a CZ | ||
| 245 | 1 | 0 | |a Sítě a zapojování do sítí |c Jaroslava Smolová |
| 520 | |a Siete ako významná súčasť v procese globalizácie. Pohľad na strategické aliancie a join ventures,ako na najčastejšie využívané sieľové štruktúry globálnej ekonomiky. Klasifikácia sieťových štrukúr v ekonomickej literatúre. | ||
| 610 | 2 | 0 | |a aliancie strategické |
| 610 | 2 | 0 | |a integrácia |
| 610 | 2 | 0 | |a kooperácia |
| 610 | 2 | 0 | |a kontroling logistický |
| 610 | 2 | 0 | |a logika |
| 610 | 2 | 0 | |a joint ventures |
| 610 | 2 | 0 | |a benchmarking |
| 100 | 1 | |a Smolová, Jaroslava | |